Statistics for Wordle Words -ER-- plus an E anywhere

Click here to take the quiz!

General Stats

  • This quiz has been taken 26 times
    (19 since last reset)
  • The average score is 5 of 11

Answer Stats

-ER-- plus any e% Correct
beret
71%
eerie
65%
verse
59%
terse
53%
merge
47%
serve
47%
verge
47%
serge
41%
verve
41%
nerve
29%
aerie
18%

Score Distribution

Percentile by Number Answered

Percent of People with Each Score

Your Score History

You have not taken this quiz since the last reset